[Event "GRENKE Chess Open 2017"]
[Site "Karlsruhe GER"]
[Date "2017.04.15"]
[Round "5.24"]
[White "Bacrot, Etienne"]
[Black "Chernov, Vadim"]
[Result "1/2-1/2"]
[WhiteTitle "GM"]
[BlackTitle "IM"]
[WhiteElo "2696"]
[BlackElo "2391"]
[WhiteFideId "605506"]
[BlackFideId "1210629"]
[EventDate "2017.04.13"]

1. e4 c5 2. Nf3 e6 3. d4 cxd4 4. Nxd4 Nf6 5. Nc3 Nc6 6. Nxc6 bxc6 7. e5 Nd5 8.
Ne4 Qa5+ 9. c3 Qc7 10. f4 Qb6 11. c4 Bb4+ 12. Ke2 f5 13. exf6 Nxf6 14. Be3 Qd8
15. Nd6+ Bxd6 16. Qxd6 c5 17. g4 Bb7 18. Rg1 Qb6 19. Bxc5 Qxb2+ 20. Ke3 Kd8 21.
Bd4 Qxh2 22. Bxf6+ 1/2-1/2

[Event "GRENKE Chess Open 2017"]
[Site "Karlsruhe GER"]
[Date "2017.04.15"]
[Round "5.26"]
[White "Piorun, Kacper"]
[Black "Kvetny, Mark"]
[Result "1/2-1/2"]
[WhiteTitle "GM"]
[BlackTitle "FM"]
[WhiteElo "2651"]
[BlackElo "2377"]
[WhiteFideId "1130420"]
[BlackFideId "24603929"]
[EventDate "2017.04.13"]

1. e4 e5 2. Nf3 Nf6 3. Nxe5 d6 4. Nf3 Nxe4 5. Bd3 Nf6 6. O-O Be7 7. c4 O-O 8.
Nc3 Nc6 9. h3 Ne5 10. Be2 Be6 11. Qb3 Rb8 12. d4 Nxf3+ 13. Bxf3 Nd7 14. Be3 Nb6
15. d5 Bf5 16. Nb5 a6 17. Nd4 Bg6 18. a4 Re8 19. Bg4 Bf6 20. a5 Nd7 21. Qa3 h5
22. Bf3 Bg5 23. Rae1 Nc5 24. Bxg5 Qxg5 25. Rd1 Ne4 26. Rfe1 Qh4 27. Bxe4 Rxe4
28. Rxe4 Bxe4 29. Qe3 c5 30. dxc6 Bxc6 31. b3 Qe4 32. Qxe4 Bxe4 33. Re1 Bc6 34.
Re7 Kf8 35. Rc7 d5 36. Nxc6 bxc6 37. Rxc6 dxc4 38. bxc4 Rb4 39. g3 Ke7 40. h4
Kd7 41. Rxa6 Rxc4 42. Ra7+ Ke6 43. Rb7 Ra4 44. Rb6+ Ke7 45. a6 g6 46. Rb7+ Ke6
47. a7 f6 48. Kf1 Ra2 49. Kg2 Ra3 50. Rg7 Kf5 51. f3 Ra2+ 52. Kh3 Ra3 53. Rb7
Ke6 54. Rg7 Kf5 55. Kg2 Ra2+ 56. Kf1 g5 57. g4+ hxg4 58. h5 g3 59. Rf7 g2+ 60.
Kg1 Kf4 61. Kh2 Ke3 62. a8=Q Rxa8 63. Kxg2 Rh8 64. Rxf6 Rxh5 65. Kg3 Rh1 66.
Re6+ Kd4 67. Re4+ Kd5 68. Re8 Rg1+ 69. Kf2 Ra1 70. Kg2 Kd6 71. Re2 Kd5 72. Kf2
Kd6 73. Re4 Ra5 74. Kg3 Re5 75. Ra4 Ke6 76. Kg4 Kf6 77. Ra6+ Kf7 78. Kh5 Rf5 79.
Kg4 Re5 80. f4 1/2-1/2

[Event "GRENKE Chess Open 2017"]
[Site "Karlsruhe GER"]
[Date "2017.04.15"]
[Round "5.30"]
[White "Moussard, Jules"]
[Black "Kerigan, Demre"]
[Result "1/2-1/2"]
[WhiteTitle "GM"]
[BlackTitle "IM"]
[WhiteElo "2573"]
[BlackElo "2352"]
[WhiteFideId "642908"]
[BlackFideId "6307841"]
[EventDate "2017.04.13"]

1. Nf3 g6 2. d4 Bg7 3. Bf4 d6 4. Nc3 Nd7 5. Qd2 c6 6. a4 Ngf6 7. e4 O-O 8. a5 e5
9. dxe5 dxe5 10. Nxe5 Nxe4 11. Nxe4 Nxe5 12. O-O-O Qxd2+ 13. Rxd2 b6 14. Nd6 Be6
15. Ba6 bxa5 16. Re1 Nd7 17. Nb7 a4 18. Rd6 Rac8 19. g3 Nb8 20. Bf1 Rfe8 21.
Rdd1 Bd5 22. Nd6 Rxe1 23. Rxe1 Rd8 24. Nb7 Rc8 25. c4 Bf3 26. Re3 Bg4 27. Ra3 c5
28. Rxa4 Bd4 29. Nd6 Rd8 30. Rxa7 Nc6 31. Rc7 Ra8 32. Rxc6 Ra1+ 33. Kc2 Rxf1 34.
Be3 Bxe3 35. fxe3 Rf6 36. e4 Rf2+ 37. Kb3 Rxh2 38. Rxc5 Rg2 39. Rd5 Rxg3+ 40.
Kb4 h5 41. c5 h4 42. c6 h3 43. c7 h2 44. Rf5 Bxf5 45. Nxf5 gxf5 46. c8=Q+ Kg7
47. Qc7 Rh3 48. Qe5+ Kg8 49. Qe8+ Kg7 50. Qe5+ Kg8 1/2-1/2

[Event "GRENKE Chess Open 2017"]
[Site "Karlsruhe GER"]
[Date "2017.04.15"]
[Round "5.32"]
[White "Ruck, Robert"]
[Black "Schroeder, Kevin"]
[Result "1/2-1/2"]
[WhiteTitle "GM"]
[BlackTitle "FM"]
[WhiteElo "2557"]
[BlackElo "2347"]
[WhiteFideId "705713"]
[BlackFideId "12929840"]
[EventDate "2017.04.13"]

1. Nf3 Nf6 2. c4 c5 3. Nc3 g6 4. e4 Bg7 5. d4 O-O 6. Be2 d6 7. O-O Bg4 8. d5 Na6
9. Bf4 Nc7 10. h3 Bxf3 11. Bxf3 Nd7 12. Qd2 e5 13. dxe6 Nxe6 14. Qxd6 Nb6 15.
Be2 Qxd6 16. Bxd6 Rfd8 17. Rad1 Nd4 18. Bxc5 Nxe2+ 19. Nxe2 Bxb2 20. Rxd8+ Rxd8
21. Bxb6 axb6 22. Rb1 Rd2 23. Kf1 Ba3 24. Ke1 Rd6 25. f3 Rc6 26. Kd2 Bf8 27. Kd3
Rd6+ 28. Ke3 Rd8 29. Nf4 Bc5+ 30. Ke2 Rd4 31. Rc1 Ba3 32. Rc3 Bb4 33. Rc2 f5 34.
Nd3 Bf8 35. exf5 gxf5 36. Nc1 Rd8 37. Nb3 Bb4 38. Ke3 Kf7 39. g4 Re8+ 40. Kf2
Kf6 41. Re2 Rc8 42. gxf5 Kxf5 43. Re4 Kf6 44. Kg3 Ra8 45. Nc1 Ba3 46. Nd3 Bd6+
47. f4 Rxa2 48. Rd4 Ke7 49. Kg4 Bc7 50. Rd5 Ra5 51. Rg5 Kf6 52. h4 h6 53. Rg8
h5+ 54. Kf3 Ra4 55. Rf8+ Ke6 56. Rh8 Rxc4 57. Rxh5 Rc3 58. Ke4 Rc4+ 59. Ke3 Kf6
60. Rh6+ Kf5 61. Rh8 Kf6 62. h5 Kg7 63. Re8 Kh6 64. Ne5 Bxe5 65. Rxe5 Rc6 66.
Ke4 Rc4+ 67. Kf3 Rc1 68. Kg4 Rc6 69. Re8 b5 70. Rh8+ Kg7 71. Rb8 Rb6 72. Kg5 b4
73. Rd8 b3 74. h6+ Kh7 75. Rd7+ Kg8 76. Rd8+ Kh7 77. Rd7+ Kg8 78. Rd8+ Kh7 1/2-1/2

[Event "GRENKE Chess Open 2017"]
[Site "Karlsruhe GER"]
[Date "2017.04.15"]
[Round "5.33"]
[White "Parvanyan, Ashot"]
[Black "Donchenko, Alexander"]
[Result "1/2-1/2"]
[WhiteTitle "FM"]
[BlackTitle "GM"]
[WhiteElo "2374"]
[BlackElo "2554"]
[WhiteFideId "13307550"]
[BlackFideId "24603295"]
[EventDate "2017.04.13"]

1. Nf3 Nf6 2. c4 e6 3. g3 a6 4. Bg2 b5 5. b3 c5 6. O-O Bb7 7. d4 bxc4 8. bxc4
cxd4 9. Bb2 Be7 10. Nxd4 Bxg2 11. Kxg2 Qc7 12. Qb3 O-O 13. Nd2 Nc6 14. Qa4 Rfc8
15. Nxc6 Qxc6+ 16. Qxc6 Rxc6 17. Bxf6 Bxf6 18. Rab1 Kf8 19. Rfd1 Ke7 20. Rb7 Be5
21. e3 Kd8 22. Nb3 Bc7 23. c5 Rb8 24. Rxb8+ Bxb8 25. Na5 Rc7 26. c6 Ba7 27. cxd7
Bb6 28. Nb3 Rxd7 29. Rxd7+ Kxd7 30. Kf3 Kc6 31. Ke4 Kb5 32. Kd3 Kb4 33. Kc2 f5
34. Nc1 g5 35. Nd3+ Ka3 36. Kb1 g4 37. Nf4 e5 38. Nd3 e4 39. Ne5 Bc5 40. Nc6 h5
41. Kc2 Kxa2 42. Nd4 a5 43. Nxf5 Bf8 44. Nd4 Bb4 45. Ne2 Be1 46. Nf4 h4 47. gxh4
Bxf2 48. Nd5 Bg1 49. Nf6 Bxe3 50. Nxe4 Ka3 51. Kc3 Bf4 52. Nf2 Be5+ 53. Kc2 Bd4
54. Nxg4 a4 55. Nh6 Kb4 56. Nf5 Bh8 57. Ne3 a3 58. Kb1 Kb3 59. Nc2 a2+ 60. Kc1
Bg7 61. Kd1 Kb2 62. h5 Kb1 63. h3 Kb2 64. h4 Bc3 65. h6 Ba5 66. h7 Bc3 67. h5
Be5 68. Kd2 Bf4+ 69. Kd3 Be5 70. Kd2 Bg7 71. Kd3 Kb1 72. Kd2 Bh6+ 73. Kd3 Bg7
74. Kd2 Bh8 75. Kd3 1/2-1/2

[Event "GRENKE Chess Open 2017"]
[Site "Karlsruhe GER"]
[Date "2017.04.15"]
[Round "5.35"]
[White "Popovic, Dusan"]
[Black "Wenninger, Philipp"]
[Result "1-0"]
[WhiteTitle "GM"]
[WhiteElo "2523"]
[BlackElo "2335"]
[WhiteFideId "927031"]
[BlackFideId "4648404"]
[EventDate "2017.04.13"]

1. e4 c6 2. Nc3 d5 3. Qe2 dxe4 4. Nxe4 Bf5 5. d3 e6 6. g4 Bg6 7. h4 h5 8. g5 Ne7
9. Bd2 Na6 10. Nf3 Qc7 11. Bc3 Nd5 12. Be5 Qa5+ 13. c3 O-O-O 14. Bh3 Bf5 15. Kf1
Bxh3+ 16. Rxh3 Nac7 17. a4 Ne8 18. Bh2 Nf4 19. Bxf4 Qf5 20. Rg3 Qxf4 21. g6 f6
22. d4 Qc7 23. b4 Kb8 24. Nc5 Bxc5 25. bxc5 Qe7 26. Rb1 Ka8 27. Nd2 Nc7 28. Nc4
Rd5 29. Re1 Rh6 30. Ne3 Qd8 31. Nxd5 Qxd5 32. Qe4 Qd7 33. Qf4 Rh8 34. Qd6 Rd8
35. Qxd7 Rxd7 36. Rge3 b6 37. cxb6 axb6 38. Rxe6 Nxe6 39. Rxe6 Kb7 40. Ke2 Kc7
41. Ke3 c5 42. Ke4 cxd4 43. cxd4 Kb7 44. f4 Kc7 45. d5 Kb7 46. Re8 Kc7 47. Rh8
Kd6 48. Rxh5 Ra7 49. Rh7 Rxa4+ 50. Kf5 Ra7 51. h5 b5 52. h6 b4 53. hxg7 Ra8 54.
Rh8 Kxd5 1-0

[Event "GRENKE Chess Open 2017"]
[Site "Karlsruhe GER"]
[Date "2017.04.15"]
[Round "5.38"]
[White "Kollars, Dmitrij"]
[Black "Dedebas, Emre Emin"]
[Result "1-0"]
[WhiteTitle "IM"]
[BlackTitle "FM"]
[WhiteElo "2500"]
[BlackElo "2325"]
[WhiteFideId "12909572"]
[BlackFideId "6349005"]
[EventDate "2017.04.13"]

1. e4 e5 2. Nf3 Nc6 3. Bb5 a6 4. Ba4 Nf6 5. O-O b5 6. Bb3 Bb7 7. d3 Be7 8. Nc3
O-O 9. a3 d6 10. h3 h6 11. Re1 Re8 12. Nd5 Nxd5 13. Bxd5 Bf6 14. Nh2 Bg5 15. Qh5
Rf8 16. Bxg5 Qxg5 17. Qxg5 hxg5 18. Nf3 Rab8 19. c3 g4 20. hxg4 Na5 21. b4 Bxd5
22. exd5 Nb7 23. a4 Ra8 24. axb5 axb5 25. Nd2 f6 26. Ne4 Kf7 27. c4 bxc4 28.
dxc4 Rfd8 29. f3 Ke7 30. Kf2 Rdb8 31. Rh1 Nd8 32. Rxa8 Rxa8 33. Rh7 Kf8 34. Rh8+
Ke7 35. c5 Rb8 36. Kg3 Rxb4 37. cxd6+ cxd6 38. Rg8 g5 39. Nxf6 Kxf6 40. Rxd8 Ke7
41. Rg8 Rd4 42. Rxg5 Rxd5 43. Rh5 Rd2 44. Rh7+ Kf6 45. Rh6+ Kg7 46. g5 Rd4 47.
Re6 Kf7 48. Rf6+ Kg7 49. Rh6 Kf7 50. Kf2 Rd2+ 51. Kg3 Rd4 52. Kh3 Kg7 53. g3 Kf7
54. Rf6+ Kg7 55. f4 exf4 56. gxf4 Rd1 57. Kg4 d5 58. Rd6 d4 59. Kf5 d3 60. Rd7+
Kf8 61. Kg6 Ke8 62. Rd4 Ke7 63. f5 d2 64. Rd3 Ke8 65. f6 1-0

[Event "GRENKE Chess Open 2017"]
[Site "Karlsruhe GER"]
[Date "2017.04.15"]
[Round "5.40"]
[White "Harff, Marcel"]
[Black "Ginsburg, Gennadi"]
[Result "1/2-1/2"]
[WhiteTitle "FM"]
[BlackTitle "GM"]
[WhiteElo "2351"]
[BlackElo "2470"]
[WhiteFideId "24621382"]
[BlackFideId "4630629"]
[EventDate "2017.04.13"]

1. c4 Nf6 2. Nf3 g6 3. Nc3 Bg7 4. g3 O-O 5. Bg2 d6 6. O-O Nc6 7. d3 e5 8. Bd2 h6
9. a3 a5 10. Rb1 Bf5 11. Nh4 Be6 12. b4 axb4 13. axb4 Qd7 14. b5 Nd8 15. Qb3 Bh3
16. Nd5 Bxg2 17. Nxg2 Qh3 18. f3 Ne6 19. e3 Kh7 20. Bb4 b6 21. Nxc7 Nxc7 22.
Bxd6 Ne6 23. Bxf8 Rxf8 24. Qc2 Rd8 25. Rbd1 h5 1/2-1/2

[Event "GRENKE Chess Open 2017"]
[Site "Karlsruhe GER"]
[Date "2017.04.16"]
[Round "6.1"]
[White "Vitiugov, Nikita"]
[Black "Erdos, Viktor"]
[Result "1/2-1/2"]
[WhiteTitle "GM"]
[BlackTitle "GM"]
[WhiteElo "2729"]
[BlackElo "2593"]
[WhiteFideId "4152956"]
[BlackFideId "719978"]
[EventDate "2017.04.13"]

1. d4 Nf6 2. c4 g6 3. Nc3 d5 4. Bg5 Bg7 5. Bxf6 Bxf6 6. cxd5 c6 7. e4 Bg7 8.
dxc6 Nxc6 9. d5 Qb6 10. Qd2 Nd4 11. Nge2 O-O 12. Nxd4 Bxd4 13. Na4 Qf6 14. Rd1
Be5 15. Be2 Qh4 16. Qe3 f5 17. Nc3 f4 18. Qf3 1/2-1/2

[Event "GRENKE Chess Open 2017"]
[Site "Karlsruhe GER"]
[Date "2017.04.16"]
[Round "6.2"]
[White "Matlakov, Maxim"]
[Black "Kulaots, Kaido"]
[Result "1/2-1/2"]
[WhiteTitle "GM"]
[BlackTitle "GM"]
[WhiteElo "2707"]
[BlackElo "2588"]
[WhiteFideId "4168003"]
[BlackFideId "4500261"]
[EventDate "2017.04.13"]

1. c4 c5 2. Nf3 Nf6 3. Nc3 d5 4. cxd5 Nxd5 5. g3 Nc6 6. Bg2 g6 7. h4 Bg7 8. h5
Nxc3 9. bxc3 Qd7 10. Qa4 Nb4 11. Qxd7+ Bxd7 12. Rb1 Nc2+ 13. Kf1 Rb8 14. Ng5 O-O
15. hxg6 hxg6 16. Rxb7 Rxb7 17. Bxb7 Rb8 18. Bd5 e6 19. Be4 Ba4 20. Bd3 Rb1 21.
Kg2 Ra1 22. Ne4 Rxa2 23. Bc4 Ra1 24. Nxc5 Bc6+ 25. f3 Bf8 26. Nb3 Rb1 27. Na5
Ba4 28. d4 Bd6 29. Bd2 Rxh1 30. Kxh1 Bxg3 31. e4 Bc7 32. Nb7 Na3 33. Ba2 Bb5 34.
Kg2 Bc4 35. Bxc4 Nxc4 36. Bc1 f5 37. Kf2 fxe4 38. fxe4 Kf7 39. Ke2 Nd6 40. Bf4
Ke7 41. Kd3 1/2-1/2

[Event "GRENKE Chess Open 2017"]
[Site "Karlsruhe GER"]
[Date "2017.04.16"]
[Round "6.4"]
[White "Indjic, Aleksandar"]
[Black "Fedoseev, Vladimir3"]
[Result "0-1"]
[WhiteTitle "GM"]
[BlackTitle "GM"]
[WhiteElo "2589"]
[BlackElo "2684"]
[WhiteFideId "911925"]
[BlackFideId "24130737"]
[EventDate "2017.04.13"]

1. d4 Nf6 2. c4 e6 3. Nc3 Bb4 4. Qc2 Nc6 5. Nf3 d6 6. a3 Bxc3+ 7. Qxc3 a5 8. b3
O-O 9. e3 Re8 10. Bb2 e5 11. dxe5 dxe5 12. Be2 Bg4 13. h3 Bh5 14. O-O Ne4 15.
Qc2 Bg6 16. Rfd1 Qe7 17. Bd3 Nxf2 18. Kxf2 e4 19. Qc3 f6 20. Be2 exf3 21. gxf3
Qe6 22. h4 Rad8 23. Rxd8 Rxd8 24. Rh1 h5 25. e4 Kh7 26. Qe3 Ne5 27. a4 Be8 28.
Rg1 Bc6 29. Bc3 b6 30. Qf4 Nd3+ 31. Bxd3 Rxd3 32. Qxc7 Bd7 33. Qg3 Qf7 34. Be1
Rxb3 35. Qd6 Bxa4 36. Qd4 Qc7 37. Bc3 Qh2+ 38. Rg2 Qxh4+ 39. Ke2 Qf4 40. Qd3 Ra3
41. e5+ f5 42. e6 Ra2+ 43. Kf1 Qc1+ 44. Be1 Rxg2 45. Kxg2 Qxe1 46. Qxf5+ Kh6 47.
Qf4+ Kg6 48. Qf7+ Kg5 49. Qxg7+ Kf5 50. Qf7+ Ke5 51. Qxh5+ Kxe6 52. Qd5+ Ke7 53.
Qb7+ Bd7 54. Qxb6 Qd2+ 55. Kg1 a4 56. Qc5+ Ke6 57. Kh1 Qc1+ 58. Kg2 Qb2+ 59. Kf1
a3 60. Qd5+ Ke7 61. Qg5+ Kd6 62. Qd5+ Kc7 63. Qc5+ Kb7 64. Qd5+ Bc6 65. Qf7+ Kb6
66. Qf8 Qb1+ 67. Kf2 a2 68. c5+ Ka7 69. Qf7+ Ka6 70. Qc4+ Ka5 71. Qc3+ Kb5 0-1

[Event "GRENKE Chess Open 2017"]
[Site "Karlsruhe GER"]
[Date "2017.04.16"]
[Round "6.5"]
[White "Moiseenko, Alexander"]
[Black "Papp, Gabor1"]
[Result "1/2-1/2"]
[WhiteTitle "GM"]
[BlackTitle "GM"]
[WhiteElo "2670"]
[BlackElo "2581"]
[WhiteFideId "14102560"]
[BlackFideId "718602"]
[EventDate "2017.04.13"]

1. d4 d5 2. c4 dxc4 3. e3 e5 4. Bxc4 exd4 5. exd4 Bd6 6. Nf3 Nf6 7. Qe2+ Qe7 8.
Qxe7+ Bxe7 9. O-O Be6 10. Bxe6 fxe6 11. Re1 Nc6 12. Nbd2 Kd7 13. Nc4 Rae8 14.
Bg5 Bd6 15. Bxf6 gxf6 16. a3 Rhg8 17. Re4 Ne7 18. g3 Nd5 19. Rh4 Rg7 20. Re1 Be7
21. Kf1 c6 22. Ke2 Bd8 23. Kd3 b6 24. Rh6 Rf8 25. Ne3 Be7 26. Nh4 Nc7 27. f4 c5
28. f5 cxd4 29. fxe6+ Nxe6 30. Nef5 Rgf7 31. Nf3 Bd6 32. N5xd4 Nxd4 33. Kxd4 Rc8
34. Kd3 Rc5 35. Re4 Rf5 36. Nd4 Rf2 37. Reh4 Rxb2 38. Rxh7 Rxh7 39. Rxh7+ Ke8
40. Nf5 Bxa3 41. Rxa7 Bc5 42. h4 Kf8 43. h5 Rh2 44. h6 Kg8 45. Rg7+ Kh8 46. Nh4
Rxh4 47. gxh4 Bf8 48. Rf7 Bxh6 49. Rxf6 Kg7 50. Rxb6 Bf4 51. Rb4 Bc1 52. Ke4 Kg6
53. Rb5 Bd2 54. Kf3 Bc1 55. Kg4 Bd2 56. Rb6+ Kg7 57. Kh5 Bc1 58. Rg6+ Kf7 59.
Rc6 Bd2 60. Kg4 Kg7 61. Rc2 Be3 62. Kf3 Bh6 63. Ke4 Kg6 64. h5+ Kg7 65. Rg2+ Kh7
66. Rg1 Bd2 67. Rd1 Bg5 68. Rd7+ Kh6 69. Kf5 Bc1 70. Rd6+ Kg7 71. Rd1 Be3 72.
Re1 Bd2 73. Re2 Bc1 74. Rc2 Be3 75. Rc6 Bd2 76. h6+ Kh7 77. Kg4 Bxh6 78. Kh5 Bd2
79. Rd6 Bc1 80. Rd7+ Kg8 81. Kg6 Kf8 82. Kf6 1/2-1/2

[Event "GRENKE Chess Open 2017"]
[Site "Karlsruhe GER"]
[Date "2017.04.16"]
[Round "6.6"]
[White "Kovalenko, Igor"]
[Black "Svane, Rasmus"]
[Result "1/2-1/2"]
[WhiteTitle "GM"]
[BlackTitle "GM"]
[WhiteElo "2659"]
[BlackElo "2573"]
[WhiteFideId "14117908"]
[BlackFideId "4657101"]
[EventDate "2017.04.13"]

1. d4 d5 2. c4 c6 3. Nf3 Nf6 4. Nc3 e6 5. e3 Nbd7 6. b3 Bb4 7. Bd2 O-O 8. Bd3
Qe7 9. a3 Bxa3 10. Ne5 Nxe5 11. dxe5 Nd7 12. f4 Bc5 13. O-O d4 14. exd4 Bxd4+
15. Kh1 b5 16. Qf3 Nc5 17. Bc2 Rd8 18. b4 Na4 19. Ne4 Bxa1 20. Rxa1 Bb7 21. c5
Rxd2 22. Nxd2 a5 23. Qd3 g6 24. Ne4 axb4 25. Nf6+ Kg7 26. Qh3 h6 27. Qh4 Nxc5
28. Rd1 b3 29. Bb1 b4 30. g4 Ba6 31. Nh5+ Kf8 32. Nf6 Kg7 33. Nh5+ Kf8 34. Nf6 1/2-1/2

[Event "GRENKE Chess Open 2017"]
[Site "Karlsruhe GER"]
[Date "2017.04.16"]
[Round "6.8"]
[White "Lubbe, Nikolas"]
[Black "Kuzubov, Yuriy"]
[Result "1/2-1/2"]
[WhiteTitle "IM"]
[BlackTitle "GM"]
[WhiteElo "2500"]
[BlackElo "2641"]
[WhiteFideId "4694031"]
[BlackFideId "14112906"]
[EventDate "2017.04.13"]

1. d4 Nf6 2. c4 e6 3. Nf3 d5 4. Nc3 a6 5. cxd5 exd5 6. Bg5 Be6 7. e3 Nbd7 8. Bd3
h6 9. Bf4 g5 10. Bg3 Nh5 11. Qc2 c6 12. O-O-O Nxg3 13. hxg3 Bg7 14. Kb1 Qe7 15.
Rc1 O-O 16. Bh7+ Kh8 17. Bf5 Kg8 18. Bh7+ Kh8 19. Bf5 Kg8 1/2-1/2

[Event "GRENKE Chess Open 2017"]
[Site "Karlsruhe GER"]
[Date "2017.04.16"]
[Round "6.12"]
[White "Kozul, Zdenko"]
[Black "Vogel, Roven"]
[Result "1-0"]
[WhiteTitle "GM"]
[BlackTitle "IM"]
[WhiteElo "2631"]
[BlackElo "2462"]
[WhiteFideId "14502879"]
[BlackFideId "12908088"]
[EventDate "2017.04.13"]

1. d4 d5 2. c4 c6 3. e3 Nf6 4. Nc3 e6 5. Nf3 Nbd7 6. Be2 Be7 7. O-O O-O 8. b3 b6
9. Bb2 Bb7 10. Bd3 c5 11. cxd5 Nxd5 12. Nxd5 Bxd5 13. Rc1 cxd4 14. Nxd4 Nc5 15.
Bb1 a5 16. Qg4 g6 17. e4 Bb7 18. f4 Nxe4 19. f5 Nf6 20. Qh3 Bc5 21. Rxc5 bxc5
22. fxg6 fxg6 23. Nxe6 Qe7 24. Nxf8 Rxf8 25. Qc3 Qe2 26. Qc4+ Qxc4 27. bxc4 Ng4
28. Rxf8+ Kxf8 29. Ba3 Ne5 30. Bxc5+ Kf7 31. Bc2 Nxc4 32. Bb3 Bd5 33. Bd4 Ke6
34. Bc3 h5 35. h4 Kf5 36. Bxa5 Kg4 37. Bd8 Kg3 38. a4 Ne3 39. Bxd5 Nxd5 40. a5
Nb4 41. Be7 Na6 42. Kf1 Kf4 43. Ke2 Ke4 44. Kd2 Kd4 45. Bf6+ Kd5 46. Ke3 Nb4 47.
Bc3 Na6 48. Kf4 Ke6 49. Ke4 Kd6 50. Kd4 Ke6 51. Kc4 Kd6 52. Bd2 Kc6 53. Kd4 1-0

[Event "GRENKE Chess Open 2017"]
[Site "Karlsruhe GER"]
[Date "2017.04.16"]
[Round "6.13"]
[White "Pijpers, Arthur"]
[Black "Volkov, Sergey"]
[Result "1-0"]
[WhiteTitle "IM"]
[BlackTitle "GM"]
[WhiteElo "2457"]
[BlackElo "2631"]
[WhiteFideId "1019554"]
[BlackFideId "4122763"]
[EventDate "2017.04.13"]

1. e4 e6 2. d4 d5 3. Nc3 Nf6 4. e5 Nfd7 5. f4 c5 6. Nf3 Be7 7. Be3 b6 8. Qd2 Nc6
9. O-O-O a6 10. h4 Bb7 11. f5 cxd4 12. Nxd4 Nxd4 13. Bxd4 Bc5 14. Rh3 Bxd4 15.
Qxd4 Qc7 16. Re1 Qc5 17. Qf4 exf5 18. Qxf5 d4 19. Ne4 Bxe4 20. Rxe4 g6 21. Qg4
h5 22. Qg3 Qd5 23. Qf4 Nc5 24. Rxd4 Ne6 25. Qf6 Qxd4 26. Qxh8+ Nf8 27. Qf6 Nd7
28. Qf3 Rd8 29. Qe3 Qd5 30. e6 fxe6 31. Qd3 Ne5 32. Qxd5 Rxd5 33. Bxa6 Ra5 34.
Re3 Ke7 35. Be2 Kd6 36. a3 Ra7 37. Rb3 Kc6 38. Rb5 Nf7 39. c4 Rd7 40. Bf3+ Kc7
41. c5 bxc5 42. Rxc5+ Kd6 43. b4 Ne5 44. Rc3 Rf7 45. b5 Rf5 46. Be2 Rf2 47. Kd2
Nd7 48. Rc6+ Kd5 49. Ke3 Rf6 50. Bc4+ Ke5 51. b6 Rf8 52. Rxe6+ Kf5 53. Rd6 Re8+
54. Kd4 Re4+ 55. Kc3 Nc5 56. Rd5+ Re5 57. Rxc5 Rxc5 58. b7 Kg4 59. b8=Q Ra5 60.
Be6+ 1-0

[Event "GRENKE Chess Open 2017"]
[Site "Karlsruhe GER"]
[Date "2017.04.16"]
[Round "6.14"]
[White "Nguyen, Thai Dai Van"]
[Black "Melkumyan, Hrant"]
[Result "1/2-1/2"]
[WhiteTitle "IM"]
[BlackTitle "GM"]
[WhiteElo "2441"]
[BlackElo "2619"]
[WhiteFideId "358878"]
[BlackFideId "13302485"]
[EventDate "2017.04.13"]

1. e4 c5 2. Nf3 Nc6 3. d4 cxd4 4. Nxd4 g6 5. c4 Nf6 6. Nc3 d6 7. Be2 Nxd4 8.
Qxd4 Bg7 9. Be3 O-O 10. Qd2 a5 11. f3 a4 12. Rc1 Qa5 13. Rc2 Be6 14. Nd5 Nxd5
15. cxd5 Rfc8 16. Qxa5 Rxa5 17. Kd2 Rxc2+ 18. Kxc2 Bd7 19. Kb1 e6 20. Bb6 Ra8
21. Rd1 exd5 22. Rxd5 Be5 23. g3 Bc6 24. Rd2 Rc8 25. Bd4 g5 26. Bxe5 dxe5 27. g4
h5 28. h3 Kg7 29. b4 axb3 30. axb3 Kf6 31. Kb2 Ke7 32. Bc4 Ra8 33. Rg2 Rh8 34.
Rd2 Rh6 35. b4 b6 36. b5 Be8 37. Kc3 hxg4 38. hxg4 Rh1 39. Rd3 Bd7 40. Kb4 Re1
41. Ra3 Rb1+ 42. Rb3 Rh1 43. Ra3 Be8 44. Rd3 Rh2 45. Ra3 Rb2+ 46. Rb3 Rf2 47.
Ra3 Rb2+ 48. Rb3 1/2-1/2

[Event "GRENKE Chess Open 2017"]
[Site "Karlsruhe GER"]
[Date "2017.04.16"]
[Round "6.16"]
[White "Sonis, Francesco"]
[Black "Landa, Konstantin"]
[Result "0-1"]
[WhiteTitle "FM"]
[BlackTitle "GM"]
[WhiteElo "2438"]
[BlackElo "2611"]
[WhiteFideId "895733"]
[BlackFideId "4101685"]
[EventDate "2017.04.13"]

1. Nf3 d5 2. g3 g6 3. Bg2 Bg7 4. d4 Nd7 5. c4 dxc4 6. Na3 Nb6 7. Nxc4 Nxc4 8.
Qa4+ c6 9. Qxc4 Nf6 10. Bf4 Be6 11. Qc1 Bd5 12. Be5 Qa5+ 13. Qc3 Qxc3+ 14. bxc3
Rc8 15. O-O c5 16. Rfc1 cxd4 17. cxd4 O-O 18. Nd2 Bxg2 19. Kxg2 Nd5 20. Bxg7
Kxg7 21. Nb3 b6 22. Kf3 f5 23. e3 Kf7 24. Ke2 Ke6 25. Nd2 g5 26. h3 h5 27. a3 g4
28. hxg4 hxg4 29. Nc4 Rc7 30. Ne5 Rfc8 31. Rxc7 Rxc7 32. Nd3 Nc3+ 33. Kf1 Ne4
34. a4 Rc2 35. Ra3 Kd6 36. a5 b5 37. Ke1 Rc4 38. Rb3 Ra4 39. Rb2 Rxa5 40. Rc2
Ra1+ 41. Ke2 a5 42. Nc5 b4 43. Kd3 Ra3+ 44. Kc4 Nxc5 45. dxc5+ Kc6 46. Kd4 b3 0-1

[Event "GRENKE Chess Open 2017"]
[Site "Karlsruhe GER"]
[Date "2017.04.16"]
[Round "6.18"]
[White "Sundararajan, Kidambi"]
[Black "Bogner, Sebastian"]
[Result "1/2-1/2"]
[WhiteTitle "GM"]
[BlackTitle "GM"]
[WhiteElo "2422"]
[BlackElo "2592"]
[WhiteFideId "5005370"]
[BlackFideId "4692055"]
[EventDate "2017.04.13"]

1. Nf3 Nf6 2. c4 g6 3. Nc3 Bg7 4. e4 d6 5. d4 O-O 6. Be2 e5 7. O-O Na6 8. Be3 c6
9. d5 Ng4 10. Bg5 f6 11. Bd2 f5 12. Bg5 Nf6 13. dxc6 bxc6 14. Qd2 Qc7 15. exf5
Bxf5 16. Rad1 Rad8 17. Nh4 Nc5 18. Nxf5 gxf5 19. Qc2 e4 20. f3 Ne6 21. Bxf6 Bxf6
22. fxe4 f4 23. Bg4 Nd4 24. Qf2 Qg7 25. Bh3 1/2-1/2

[Event "GRENKE Chess Open 2017"]
[Site "Karlsruhe GER"]
[Date "2017.04.16"]
[Round "6.20"]
[White "Carow, Johannes"]
[Black "Kunin, Vitaly"]
[Result "1-0"]
[WhiteTitle "FM"]
[BlackTitle "GM"]
[WhiteElo "2419"]
[BlackElo "2567"]
[WhiteFideId "24692050"]
[BlackFideId "4128737"]
[EventDate "2017.04.13"]

1. d4 e6 2. c4 Bb4+ 3. Nd2 Nf6 4. a3 Be7 5. Ngf3 O-O 6. e3 c5 7. dxc5 a5 8. b3
Bxc5 9. Be2 Nc6 10. Bb2 d6 11. O-O e5 12. Ng5 Ne8 13. Nge4 Ba7 14. Nc3 f5 15.
Nd5 Nf6 16. Rc1 Nxd5 17. cxd5 Ne7 18. Nc4 Ng6 19. a4 f4 20. Kh1 Qg5 21. Nxd6 Nh4
22. Rg1 fxe3 23. f3 Bf5 24. Bxe5 Bg6 25. Bg3 Bb8 26. Qe1 Qh6 27. Rc4 Nf5 28.
Nxf5 Bxf5 29. Bxb8 Rfxb8 30. Qg3 Rd8 31. Rc7 Rac8 32. Rxb7 Rc2 33. Bc4 Bc8 34.
Qc7 Qf6 35. Rb8 Rxc4 36. bxc4 Qf8 37. Qxa5 g5 38. d6 Qxd6 39. Qxg5+ Kh8 40. Rb5
Re8 41. Rd5 Qe6 42. Rd8 Bd7 43. Rxe8+ Bxe8 44. Re1 e2 45. Qd2 Qxc4 46. Qxe2 Qxe2
47. Rxe2 Bxa4 48. Re7 1-0